Malvinas en la escuela /

Un desarrollo de los argumentos históricos, geográficos y diplomáticos que esgrime Argentina en relación con la soberanía de las islas. Además, las representaciones que tuvo y tiene esta historia en las distintas regiones del país, en los familiares de los soldados que combatieron hace 30 años, en l...

Descripción completa

Guardado en:
Autor Principal: Desalvo, Martín
Autor Corporativo: Canal Encuentro.
Otros Autores: Parodi, Teresa; Narración.
Formato: Deslizar
Publicado: Argentina, 2012
Series:Pensar Malvinas
Materias:
Acceso en línea:https://www.educ.ar/recursos/103497/malvinas-en-la-escuela
Etiquetas: Agregar Etiqueta
Sin Etiquetas, Sea el primero en etiquetar este registro!
LEADER 01367ngm a22003015g 4500
001 CEM.cems023819
008 130507s2012##################0###0#####d
005 20250704141240.0
245 1 0 |a Malvinas en la escuela /  |c Martín Desalvo. 
260 |a Argentina,  |c 2012 
300 |a 26'. 
490 0 |a Pensar Malvinas 
500 |a Consultar en ventanilla. 
520 |a Un desarrollo de los argumentos históricos, geográficos y diplomáticos que esgrime Argentina en relación con la soberanía de las islas. Además, las representaciones que tuvo y tiene esta historia en las distintas regiones del país, en los familiares de los soldados que combatieron hace 30 años, en las vivencias y en la memoria de los argentinos. Segmentos documentales e historias de ficción le dan forma a esta serie narrada por Teresa Parodi. 
538 |a Soporte: DVD - Color: Si - Grabación DRD. 
100 1 |a Desalvo, Martín 
700 1 |a Parodi, Teresa; Narración. 
710 2 |a Canal Encuentro. 
082 9 8 |/ DES 
653 |a HISTORIA 
653 |a HISTORIA ARGENTINA 
653 |a MALVINAS 
653 |a ATLANTICO SUR 
653 |a GUERRA DE MALVINAS 
653 |a EX-COMBATIENTES 
653 |a SERIE DE TELEVISIÓN 
856 |u https://www.educ.ar/recursos/103497/malvinas-en-la-escuela 
859 |a CEMS  |b BIB. CEMS - Depto. Recursos Didacticos  |h 982  |i DES  |k DRD  |p 2462.15  |t Ej.1